SHARIRIK SHIKSHA ME JEV (Record no. 36451)

MARC details
000 -LEADER
fixed length control field 00372nam a2200157Ia 4500
008 - FIXED-LENGTH DATA ELEMENTS--GENERAL INFORMATION
fixed length control field 200305s9999 xx 000 0 und d
020 ## - INTERNATIONAL STANDARD BOOK NUMBER
International Standard Book Number 978-81-7524-526-3
082 ## - DEWEY DECIMAL CLASSIFICATION NUMBER
Classification number 796.0246137
082 ## - DEWEY DECIMAL CLASSIFICATION NUMBER
Item number PAS
041 ## - LANGUAGE CODE
Language code of text/sound track or separate title hin
100 ## - MAIN ENTRY--PERSONAL NAME
Personal name PARVEEN
245 ## - TITLE STATEMENT
Title SHARIRIK SHIKSHA ME JEV
260 ## - PUBLICATION, DISTRIBUTION, ETC.
Place of publication, distribution, etc. NEW DELHI
Name of publisher, distributor, etc. SPORT EDUCATION
300 ## - PHYSICAL DESCRIPTION
Extent 234
650 ## - SUBJECT ADDED ENTRY--TOPICAL TERM
Topical term or geographic name entry element PHYSICAL EDUCATION
Holdings
Withdrawn status Lost status Damaged status Not for loan Home library Current library Date acquired Cost, normal purchase price Total Checkouts Full call number Barcode Date last seen Date last checked out Cost, replacement price Price effective from Koha item type Total Renewals
        Chaudhary Ranbir Singh University Chaudhary Ranbir Singh University 05.03.2020 550.00 11 796.0246137 PAS 6975 05.02.2026 22.01.2026 550.00 05.03.2020 Books  
        Chaudhary Ranbir Singh University Chaudhary Ranbir Singh University 05.03.2020 550.00 7 796.0246137 PAS 6976 16.05.2025 13.01.2025 550.00 05.03.2020 Books  
        Chaudhary Ranbir Singh University Chaudhary Ranbir Singh University 05.03.2020 550.00 9 796.0246137 PAS 6977 13.05.2024 29.04.2024 550.00 05.03.2020 Books 1


Copyright © 2025 CRSU. All Rights Reserved.